000 01252nam a2200325 c 4500
003 BLK
005 20250602152043.0
008 180407b bul|||||r ||||||| ||bul||
010 _aKNG00032663000
040 _aBLK
041 _aBUL
_cBUL
080 _aАмериканска литература (на САЩ)
_b821.111(73)
_x-054.7(=957)-312.6
_z821.111(73)-054.7(=957)-312.6
100 1 _aХонг, Нансук
_eпърви автор
_9137476
700 1 _aПетрова, Анжела
_eпрев. от англ.
_9266978
139 _aХонг, Нансук
_bХ 64
245 1 0 _aМоят живот при Муун
_cНансук Хонг; прев. от англ. Анжела Петрова.
257 _aUSA
260 София
_bЕмас
_c2000
_fСофия : Балкан прес АД
300 _a283 с.
_c20 см
380 _aX
490 1 _aПреживяно
500 _aОриг. загл. In the Shadow of the Moons / Nansook Hong. - Офс. изд.
653 _aроманизувани биографии
852 _aЦб 205011
856 4 _qpdf
_u
856 4 _qpdf
_u
942 _cKNG
_n0
_016
944 _aCR
_c15.01.2003
_k30575
_lМартин Енчев
944 _aED
_c13.02.2013
_k
999 _c30034
_d30034